| 000 | 00376nam a22001337a 4500 | ||
|---|---|---|---|
| 008 | 150601b xxu||||| |||| 00| 0 eng d | ||
| 020 | _a0844211915 (hardbound : student ed.) | ||
| 020 | _a0844212873 (softbound : teacher's ed.) | ||
| 020 | _a0844211923 (softbound : student ed.) | ||
| 041 | 0 | _aeng | |
| 080 | _a875 | ||
| 245 | 1 | 0 | _aLiterature of Greece and Rome. |
| 942 |
_2udc _cBK |
||
| 999 |
_c955 _d955 |
||